000 00752nam a2200217 i 4500
001 140713
003 ES-MaACL
005 20250815152343.0
007 t|
008 070914s1968 sp ||||1| spa d
080 _a667.66:621.357
100 1 _aYeates, Reginald Leslie.
_9117601
245 1 0 _aPintado electrolítico
_b: (pintado por electroforesis) : formulación y aplicación de pinturas /
_cpor R. L. Yeates ; [traducción de José Fernández Cañada].
260 _aMadrid :
_bRiver,
_c1968.
300 _a238 p. :
_bil. ;
_c25 cm.
500 _aGrab. intercal.
650 1 7 _aPintura por electroforesis
_2embne
_916070
700 1 _aFernández Cañadas, José.
_949548
852 _aES-MaACL
_jC-45531
_bR.66478
999 _c140713
_d140713